| 000 | 01077nam0a2200325 i 4500 | ||
|---|---|---|---|
| 001 | RU\NLR\BIBL_A\010831948 | ||
| 005 | 20240725012646.0 | ||
| 010 |
_a9785389058095 _93000 |
||
| 021 |
_aRU _b2015-49409 _92931 |
||
| 035 | _a(NILC)RuMoRGB-007970851 | ||
| 035 | _a(NLR Aleph) 010831948 | ||
| 090 |
_a10293196 _c10293196 |
||
| 100 | _a20150911d2015 u y0rusy50 ca | ||
| 101 | 1 |
_arus _ceng |
|
| 102 | _aRU | ||
| 105 | _ay|||z|||000ay | ||
| 200 | 1 |
_aТайна голубиного пирога _e[роман] _fДжулия Стюарт _g[пер. с англ. М. Абушика] |
|
| 210 |
_aСанкт-Петербург _cАзбука _cАзбука-Аттикус _d2015 |
||
| 215 |
_a410, [4] с. _d21 |
||
| 225 | 1 | _aАзбука-бестселлер | |
| 333 | _a16+ | ||
| 686 | 1 | _aШ6(4Вл)67-440.4(Лх1299-50) | |
| 700 | 1 |
_aСтюарт _bД. _gДжулия |
|
| 801 | 0 |
_aRU _bРГБ _c20150707 _gRCR |
|
| 801 | 1 |
_aRU _bРГБ _c20150707 _2rusmarc |
|
| 942 | _cBOOK | ||
| 980 | _aNBR | ||